Sociálny marketing - konštrukcia modelu rozhodovania spotrebiteľa v oblasti prevencie zdravia bakalárska práca

Guardado en:
Detalles Bibliográficos
Autor principal: Tisoňová, Monika
Autor Corporativo: Obchodná fakulta EU. Katedra marketingu
Otros Autores: Klepochová, Dagmar, 1968-
Formato: Libro
Lenguaje:eslovaco
Publicado: Bratislava 2020
Etiquetas: Agregar Etiqueta
Sin Etiquetas, Sea el primero en etiquetar este registro!

MARC

LEADER 00000nbm a2200000 4500
001 0266599
005 20201006101657.1
041 0 |a slo 
044 |a SK 
245 1 0 |a Sociálny marketing - konštrukcia modelu rozhodovania spotrebiteľa v oblasti prevencie zdravia  |b bakalárska práca  |c Monika Tisoňová ; školiteľ: Dagmar Klepochová 
264 1 |a Bratislava  |c 2020 
300 |a 54 s. 
100 1 |a Tisoňová, Monika 
700 1 |a Klepochová, Dagmar, 1968- 
710 2 |a Obchodná fakulta EU. Katedra marketingu